Score 0/31 Timer 06:00
1 Play Today
% Correct
Mockingbird
99.7%
Man
95.7%
Garden
91.3%
Room
88.9%
Pearl
82.7%
Little
80.8%
Willows
80.1%
Road
77.3%
White
72.8%
Caged
67.9%
Innocence
66%
Apart
62.9%
Algernon
58.4%
American
54.2%
Invisible
52.5%
Chocolate
50.5%
% Correct
Earth
44.8%
Fidelity
42.4%
Caine
42.1%
Sleep
40.7%
Rabbit
37.1%
Children
34.9%
Antonia
32.1%
Shipping
28.9%
Johnny
25.4%
Bridge
24.8%
Roger
20.8%
Darkness
13.3%
Angle
10.9%
Mother
9.4%
Geek
7.9%
Remove Ads.
Support Sporcle.
Get the best of Sporcle when you Go Orange. This ad-free experience offers more features, more stats, and more fun while also helping to support Sporcle. Thank you for becoming a member.

You're not logged in!

Compare scores with friends on all Sporcle quizzes.
OR
Log In

Show Comments

Extras

Top Quizzes Today


Score Distribution

Your Account Isn't Verified!

In order to create a playlist on Sporcle, you need to verify the email address you used during registration. Go to your Sporcle Settings to finish the process.

Report this User

Report this user for behavior that violates our Community Guidelines.

Details: